Eastern Utah Libraries Catalog: Duchesne, Heber, Roosevelt, & Vernal

I love you too / (Record no. 283755)

MARC details
000 -LEADER
fixed length control field 01374cam a2200397Ii 4500
001 - CONTROL NUMBER
control field ocn866922892
003 - CONTROL NUMBER IDENTIFIER
control field OCoLC
005 - DATE AND TIME OF LATEST TRANSACTION
control field 20200320192411.0
008 - FIXED-LENGTH DATA ELEMENTS--GENERAL INFORMATION
fixed length control field 131230s2014 nyua a 000 1 eng d
020 ## - INTERNATIONAL STANDARD BOOK NUMBER
International Standard Book Number 1617753106 (hardcover)
020 ## - INTERNATIONAL STANDARD BOOK NUMBER
International Standard Book Number 9781617753107 (hardcover)
020 ## - INTERNATIONAL STANDARD BOOK NUMBER
Terms of availability 15.95
035 ## - SYSTEM CONTROL NUMBER
System control number (OCoLC)866922892
040 ## - CATALOGING SOURCE
Original cataloging agency YDXCP
Language of cataloging eng
Description conventions rda
Transcribing agency YDXCP
Modifying agency BTCTA
-- BDX
-- ZQP
-- OCP
-- NYP
-- JAG
-- OCLCO
-- WACOL
049 ## - LOCAL HOLDINGS (OCLC)
Holding library WACL
082 #4 - DEWEY DECIMAL CLASSIFICATION NUMBER
Classification number [E]
092 ## - LOCALLY ASSIGNED DEWEY CALL NUMBER (OCLC)
Classification number E
Item number Mar
100 1# - MAIN ENTRY--PERSONAL NAME
Personal name Marley, Ziggy,
Relator term author.
9 (RLIN) 36943
245 10 - TITLE STATEMENT
Title I love you too /
Statement of responsibility, etc Ziggy Marley ; illustrations by Ag Jatkowska.
264 #1 - Production, Publication, Distribution, Manufacture, and Copyright Notice.
Place of production, publication, distribution, manufacture New York, N.Y. :
Name of producer, publisher, distributor, manufacturer Akashic Books,
Date of production, publication, distribution, manufacture, or copyr 2014.
300 ## - PHYSICAL DESCRIPTION
Extent 1 volume (unpaged) :
Other physical details color illustrations ;
Dimensions 25 cm
336 ## - Content Type
Content type term text
337 ## - Media type
Media type term unmediated
338 ## - Carrier type
Carrier type term volume
500 ## - GENERAL NOTE
General note Based on the song by Ziggy Marley.
650 #0 - SUBJECT ADDED ENTRY--TOPICAL TERM
Topical term or geographic name as entry element Love stories.
9 (RLIN) 87149
650 #0 - SUBJECT ADDED ENTRY--TOPICAL TERM
Topical term or geographic name as entry element Emotions
Form subdivision Juvenile fiction.
9 (RLIN) 5888741
700 1# - ADDED ENTRY--PERSONAL NAME
Personal name Jatkowska, Ag,
Relator term illustrator.
9 (RLIN) 5868893
938 ## -
-- YBP Library Services
-- YANK
-- 11465972
938 ## -
-- Baker and Taylor
-- BTCP
-- BK0014238644
938 ## -
-- Brodart
-- BROD
-- 108448800
942 ## - ADDED ENTRY ELEMENTS (KOHA)
Koha item type BOOK
948 ## - LOCAL PROCESSING INFORMATION (OCLC); SERIES PART DESIGNATOR (RLIN)
Series part designator, SPT (RLIN) 05/16/2014
z (OCLC) Sirsi
994 ## -
-- 02
-- WACOL
996 ## -
-- 109369
-- 34301001291089
-- E
-- bk
-- wcl
-- i
-- 37
-- 15.95
-- micro
-- Mar
-- 05/16/2014
-- 02/13/2020
-- 02/05/2020
Holdings
Withdrawn status Lost status Source of classification or shelving scheme Damaged status Not for loan Collection code Home library Current library Shelving location Date acquired Cost, normal purchase price Total Checkouts Total Renewals Full call number Barcode Date last seen Date checked out Cost, replacement price Price effective from Koha item type
    Dewey Decimal Classification     Children Holiday Books Wasatch County Library Wasatch County Library Main Floor Childrens Area 05/16/2014 15.95 48 9 E Valentine's Day Marley 34301001291089 03/06/2026 02/12/2026 15.95 03/20/2020 BOOK
This project was made possible through a grant from the Institute of Museum and Library Service administered by the Utah State Library Division.

Wasatch County Library

  • 465 East 1200 South, Heber City, Utah 84032
  • Phone 435-654-1511 | Fax 435-654-6456

Hours

  • Monday - Friday 9:30 AM - 8:00 PM
  • Saturday 9:30 AM - 1:30 PM
  • Closed Sundays and Holidays